Central Library OPAC University of Rajshahi

Rice production : (Record no. 37484)

MARC details
000 -LEADER
fixed length control field 00838nam a2200265 a 4500
001 - CONTROL NUMBER
control field 37484
003 - CONTROL NUMBER IDENTIFIER
rucl marc code BD-RjUL
005 - DATE AND TIME OF LATEST TRANSACTION
control field 20211209052620.0
008 - FIXED-LENGTH DATA ELEMENTS--GENERAL INFORMATION
fixed length control field 150121s1990 ii a b 001 0 eng
020 ## - INTERNATIONAL STANDARD BOOK NUMBER
International Standard Book Number 8120404742 :
035 ## - SYSTEM CONTROL NUMBER
System control number (BD-RjUL)
040 ## - CATALOGING SOURCE
Original cataloging agency DLC
Transcribing agency DLC
Modifying agency DLC
Language of cataloging eng
041 ## - LANGUAGE CODE
Language code of text/sound track or separate title eng
082 ## - DEWEY DECIMAL CLASSIFICATION NUMBER
Edition number 20
Classification number 338.173180954
Author mark and year KAR 1990
100 1# - MAIN ENTRY--PERSONAL NAME
Personal name Kalirajan, K. P.
9 (RLIN) 115130
245 10 - TITLE STATEMENT
Title Rice production :
Remainder of title an econometric analysis /
Statement of responsibility, etc. K.P. Kalirajan.
260 ## - PUBLICATION, DISTRIBUTION, ETC. (IMPRINT)
Place of publication, distribution, etc. New Delhi :
Name of publisher, distributor, etc. Oxford & IBH Pub. Co.,
Date of publication, distribution, etc. c1990.
300 ## - PHYSICAL DESCRIPTION
Pagination xiv, 175 p. :
Illustrations ill. ;
Size 22 cm.
500 ## - GENERAL NOTE
General note In the Indian context.
504 ## - BIBLIOGRAPHY, ETC. NOTE
Bibliography, etc Includes bibliographical references (p. [165]-171)
650 #0 - SUBJECT ADDED ENTRY--TOPICAL TERM
Topical term or geographic name as entry element Rice trade
Geographic subdivision India
-- Coimbatore (District)
General subdivision Econometric models.
9 (RLIN) 115131
942 ## - ADDED ENTRY ELEMENTS (KOHA)
Source of classification or shelving scheme Dewey Decimal Classification
Koha item type Books
Holdings
Lost status Source of classification or shelving scheme Damaged status Not for loan Permanent Location Current Location Shelving location Date acquired Total Checkouts Full call number Date last seen Copy number Koha item type
  Dewey Decimal Classification   Not For Loan Institute of Biological Sciences (IBSc) Library Institute of Biological Sciences (IBSc) Library   21/01/2015   338.173180954 KAR 1990 21/01/2015 C-1 Books